|
|
|
|
| LEADER |
01212cam a2200289 7i4500 |
| 001 |
0000033307 |
| 005 |
20250219090000.0 |
| 020 |
|
|
|a 9789678914994
|
| 020 |
|
|
|a 9678914603 (pbk.)
|
| 020 |
|
|
|a 9789678914604
|
| 020 |
|
|
|a 9678914999 (pbk.)
|
| 090 |
0 |
0 |
|a KPG2544.A31196
|b L66 2009
|
| 110 |
1 |
|
|a Malaysia
|
| 240 |
1 |
0 |
|a Land Acquisition Act 1960
|
| 245 |
1 |
0 |
|a Land Acquisition Act 1960 (Act 486), Rules & Order
|c compiled by: Legal Research Board.
|
| 246 |
3 |
|
|a Akta Pengambilan Tanah 160 (Akta 486), Kaedah-kaedah dan perintah-perintah & ordinan pengambilan tanah (pampasan)(peruntukan khas) 1948 (P.T.M. Ord. 21/1948).
|
| 260 |
|
|
|a Petaling Jaya, Selangor:
|b International Law Book Services,
|c 2009-.
|
| 300 |
|
|
|a 1 v. (various pagings);
|c 24 cm.
|
| 500 |
|
|
|a Library has : As at 20th February 2009, Hingga 10hb April 2009
|
| 650 |
0 |
0 |
|a Acquisition of property
|
| 650 |
0 |
0 |
|a Land tenure --
|x Law and legislation
|
| 710 |
2 |
|
|a Legal Research Board
|
| 997 |
|
|
|a Health Sciences, Faculty
|
| 998 |
|
|
|a Environmental Health, Diploma
|
| 999 |
|
|
|a 0000040204
|b BOK
|c ACTS
|e 2nd Floor, Shah Alam
|
| 999 |
|
|
|a 0000040205
|b BOK
|c ACTS
|e 2nd Floor, Shah Alam
|
| 999 |
|
|
|a 0000040206
|b BOK
|c ACTS
|e 2nd Floor, Shah Alam
|